| 000 | 00940nam a2200253 i 4500 | ||
|---|---|---|---|
| 001 | 115005 | ||
| 003 | ES-MaACL | ||
| 005 | 20250831063037.0 | ||
| 007 | t| | ||
| 008 | 070216s1925 sp ||||1| spa d | ||
| 100 | 1 |
_aFebvre, Lucien, _d1878-1956 _949047 |
|
| 245 | 1 | 3 |
_aLa tierra y la evolución humana _b: introducción geográfica a la historia / _cpor Luciano Febvre ; con el concurso de Lionel Bataillon ; traducción de Luis Pericot García. |
| 260 |
_aBarcelona : _bCervantes, _c1925. |
||
| 300 |
_aXXV, 517 p. ; _c21 cm. |
||
| 490 | 1 |
_aLa evolución de la humanidad ; _v4 |
|
| 500 | _3Con siete figuras en el texto | ||
| 650 | 7 |
_aGeografía humana _2embne _9136176 |
|
| 650 | 4 |
_aEvolución humana. _912627 |
|
| 700 | 1 |
_aBataillon, Lionel. _926394 |
|
| 700 | 1 |
_aPericot, Luis, _d1899-1978 _991262 |
|
| 830 | 0 |
_aLa evolución de la humanidad ; _v4 _9185926 |
|
| 852 |
_aES-MaACL _jC-29080 |
||
| 999 |
_c115005 _d115005 |
||